مكتبة جامعة عجلون الوطنية

فهرس بحث المكتبة

Applied medical statistics / (Record no. 33609)

MARC details
000 -LEADER
fixed length control field 03192cam a22004458i 4500
001 - CONTROL NUMBER
control field 22101286
003 - CONTROL NUMBER IDENTIFIER
control field JO-AjAnu
005 - DATE AND TIME OF LATEST TRANSACTION
control field 20240805102838.0
006 - FIXED-LENGTH DATA ELEMENTS--ADDITIONAL MATERIAL CHARACTERISTICS
fixed length control field m |o d |
007 - PHYSICAL DESCRIPTION FIXED FIELD--GENERAL INFORMATION
fixed length control field cr_|||||||||||
008 - FIXED-LENGTH DATA ELEMENTS--GENERAL INFORMATION
fixed length control field 210612s2022 nju ob 001 0 eng
010 ## - LIBRARY OF CONGRESS CONTROL NUMBER
LC control number 2021021098
020 ## - INTERNATIONAL STANDARD BOOK NUMBER
International Standard Book Number 9781119716822
Qualifying information (ebook)
020 ## - INTERNATIONAL STANDARD BOOK NUMBER
International Standard Book Number 9781119716778
Qualifying information (pdf)
020 ## - INTERNATIONAL STANDARD BOOK NUMBER
International Standard Book Number 9781119716792
Qualifying information (epub)
020 ## - INTERNATIONAL STANDARD BOOK NUMBER
Canceled/invalid ISBN 9781119716709
Qualifying information (hardback)
040 ## - CATALOGING SOURCE
Original cataloging agency DLC
Language of cataloging eng
Transcribing agency DLC
Description conventions rda
Modifying agency JO-AjAnu
042 ## - AUTHENTICATION CODE
Authentication code pcc
050 00 - LIBRARY OF CONGRESS CALL NUMBER
Classification number R853.S7
082 00 - DEWEY DECIMAL CLASSIFICATION NUMBER
Classification number 610.72/7
Edition number 23
100 1# - MAIN ENTRY--PERSONAL NAME
Personal name Jiang, Jingmei,
Dates associated with a name 1958-
Relator term author.
245 10 - TITLE STATEMENT
Title Applied medical statistics /
Statement of responsibility, etc. Jingmei Jiang.
263 ## - PROJECTED PUBLICATION DATE
Projected publication date 2109
264 #1 - PRODUCTION, PUBLICATION, DISTRIBUTION, MANUFACTURE, AND COPYRIGHT NOTICE
Place of production, publication, distribution, manufacture Hoboken, NJ :
Name of producer, publisher, distributor, manufacturer John Wiley & Sons, Inc.,
Date of production, publication, distribution, manufacture, or copyright notice 2022.
300 ## - PHYSICAL DESCRIPTION
Extent 1 online resource
336 ## - CONTENT TYPE
Content type term text
Content type code txt
Source rdacontent
337 ## - MEDIA TYPE
Media type term computer
Media type code c
Source rdamedia
338 ## - CARRIER TYPE
Carrier type term online resource
Carrier type code cr
Source rdacarrier
504 ## - BIBLIOGRAPHY, ETC. NOTE
Bibliography, etc. note Includes bibliographical references and index.
505 0# - FORMATTED CONTENTS NOTE
Formatted contents note What is biostatistics -- Descriptive statistics -- Fundamentals of probability -- Discrete random variable -- Continuous random variable -- Sampling distribution and parameter estimation -- Hypothesis testing for one parameter -- Hypothesis testing for two population parameters -- One-way analysis of variance -- Analysis of variance in different experimental -- X2 test -- Nonparametric tests based on rank -- Simple linear regression -- Simple linear correlation -- Multiple linear regression -- Logistic regression -- Survival analysis -- Evaluation of diagnostic tests -- Observational study design -- Experimental study design.
520 ## - SUMMARY, ETC.
Summary, etc. "Over the past few decades, biomedical data have proliferated rapidly, and opportunities have arisen to use this data to improve human health. Burgeoning methods, such as machine learning techniques, have emerged to respond to the fast growth of the volume of data, and to exploit data in an effective and efficient manner. These methods were founded on statistical learning theory, which is an expansion of traditional statistics. Therefore, cultivating basic statistical thinking capability plays an important and fundamental role in mastering these state-of-the-art methods and embracing the upcoming big data era, which makes a course of introductory biostatistics an indispensable part of the curriculum for medical students. However, as a branch of mathematics, statistics is characterized by hierarchically organized concepts, but a conceptual understanding of statistics is not always intuitive, which makes biostatistics an obstacle that is regarded as a burden for most medical students"--
Assigning source Provided by publisher.
588 ## - SOURCE OF DESCRIPTION NOTE
Source of description note Description based on print version record and CIP data provided by publisher; resource not viewed.
650 #0 - SUBJECT ADDED ENTRY--TOPICAL TERM
Topical term or geographic name entry element Medicine
General subdivision Research
-- Statistical methods
Form subdivision Textbooks.
650 #0 - SUBJECT ADDED ENTRY--TOPICAL TERM
Topical term or geographic name entry element Medical statistics
Form subdivision Textbooks.
650 #0 - SUBJECT ADDED ENTRY--TOPICAL TERM
Topical term or geographic name entry element Biometry
Form subdivision Textbooks.
776 08 - ADDITIONAL PHYSICAL FORM ENTRY
Relationship information Print version:
Main entry heading Jiang, Jingmei, 1958-
Title Applied medical statistics
Place, publisher, and date of publication Hoboken, NJ : John Wiley & Sons, Inc., 2022
International Standard Book Number 9781119716709
Record control number (DLC) 2021021097
906 ## - LOCAL DATA ELEMENT F, LDF (RLIN)
a 7
b cbc
c orignew
d 1
e ecip
f 20
g y-gencatlg
942 ## - ADDED ENTRY ELEMENTS (KOHA)
Source of classification or shelving scheme Library of Congress Classification
Koha item type Books
Suppress in OPAC No
Holdings
Withdrawn status Lost status Source of classification or shelving scheme Damaged status Not for loan Home library Current library Date acquired Total Checkouts Full call number Barcode Date last seen Price effective from Koha item type
    Library of Congress Classification     مكتبة جامعة عجلون الوطنية مكتبة جامعة عجلون الوطنية 05/08/2024   R853.S7J53 2022 e3813 05/08/2024 05/08/2024 Books
    Library of Congress Classification     مكتبة جامعة عجلون الوطنية مكتبة جامعة عجلون الوطنية 05/08/2024   R853.S7J53 2022 e3814 05/08/2024 05/08/2024 Books